[Event "Cap d'Agde GP CCAS"]
[Site "Cap d'Agde"]
[Date "2013.10.27"]
[Round "2"]
[White "Tkachiev, Vladislav"]
[Black "Doluhanova, Evgeniya"]
[Result "0-1"]
[WhiteElo "2637"]
[BlackElo "2326"]
[Annotator "Primel,D"]
[PlyCount "90"]
[EventDate "2013.10.26"]
[EventType "swiss"]
[EventRounds "9"]
[EventCountry "FRA"]
[SourceTitle "EXT 2016"]
[Source "ChessBase"]
[SourceDate "2015.10.08"]
[SourceVersion "1"]
[SourceVersionDate "2015.10.08"]
[SourceQuality "1"]

1. Nf3 d5 2. c4 e6 3. g3 Nf6 4. Bg2 Bd6 {Une ligne secondaire} 5. d4 (5. O-O
O-O 6. b3 c6 7. Bb2 Nbd7 8. Nc3 Re8 9. d4 {Transposant plus lentement dans une
Catalane}) 5... O-O (5... dxc4 {Rouverol,G-Seret,J FRA-ch 43rd Charbonnieres
1968 (3) 1/2}) 6. O-O c6 7. Nc3 $1 {Normalement, le coup Nc3 est plus risqué
dans une Catalane à cause de l'option dc4 mais Bd6 a aussi un net désavantage
} (7. Qc2) 7... Nbd7 (7... dxc4 $6 8. e4 {[%csl Rd6][%cal Ge4e5] C'est
l'inconvénient d'avoir joué Bd6 car les Noirs ne peuvent pas se permettre de
gagner le P"c4"} Bb4 9. Qe2 $44 {[%cal Gf1d1,Gd4d5,Ge2c4]}) (7... b6 8. Qc2 Bb7
) 8. Nd2 $1 {[%cal Gd2c4,Ge2e4]} Qe7 (8... Bc7 9. e4 dxc4 10. e5 Nd5 11. Nxc4
b6 12. Ne4 f5 13. exf6 N7xf6 14. Bg5 Ba6 15. Rc1 h6 16. Nxf6+ Nxf6 17. Bxf6
Qxf6 18. Bxc6 Rad8 19. Qa4 Bxc4 20. Rxc4 b5 21. Qxb5 Bb6 22. b3 Rxd4 23. Rxd4
Qxd4 24. Qe2 e5 25. Kg2 Rd8 26. Be4 Rf8 27. h4 g5 28. hxg5 hxg5 29. Qc4+ Kg7
30. Qxd4 Bxd4 31. f3 g4 32. fxg4 Rxf1 33. Kxf1 Kf6 34. Ke2 Kg5 35. Kf3 Bc3 36.
Bd3 Be1 37. Be2 a5 38. Bd1 {Nisipeanu,L (2674)-Carlstedt,J (2421) Bad Wiessee
2013 1-0}) 9. e4 $14 {[%cal Ge4e5] Force les Noirs à abandonner le centre et
les Blancs vont garder un petit avantage d'ouverture} dxe4 10. Ndxe4 Nxe4 11.
Nxe4 Bc7 12. Re1 {[%cal Ge1e7,Gd4d5]} (12. b3 {[%csl Ge5][%cal Gc1b2]} e5 {
Ulibin,M (2536)-Vega Gutierrez,B (2091) Bajada de la Virgen op 3rd 2005 (1) 1-0
}) 12... Rd8 13. Bg5 (13. Qh5 Nf8 14. Be3 Bd7 15. d5 cxd5 16. cxd5 Qb4 17. Bc5
Qa5 18. b4 Qa4 19. Bxf8 Rxf8 20. Nc5 {1-0 (20) Sharafiev,A (2414)-Mironov,V 
(1844) Uljanovsk 2012}) 13... f6 14. Be3 Nf8 15. Qb3 {[%cal Gb3g8]} a5 16. a3
Qf7 17. Nc3 {[%cal Gd4d5,Ga1d1] Les Blancs ont un bon avantage d'espace} Rb8 $6
18. Rac1 Ng6 19. Red1 h5 $5 {[%cal Gh5h4]} 20. Rd2 h4 21. Qd1 hxg3 22. fxg3 (
22. hxg3 $142 {Plus naturel car les Noirs peuvent difficilement attaquer sur
la colonne "h"}) 22... Re8 23. Bf2 Bd7 24. b4 {[%csl Gc5]} (24. Qh5 $5 {
[%cal Gg2e4]}) 24... Rbd8 {Reconnaissant que Rab8 n'était pas très utile} 25.
Qf1 $6 {Le GMI hésite à trouver un plan} axb4 26. axb4 Bc8 27. Kh1 (27. Rcd1)
27... Ne7 28. Qd1 Nf5 29. d5 {La percée thématique dans la Catalane} exd5 (
29... Qg6 $142 $5 {Les Noirs ont un tempo de plus par rapport à la partie} 30.
dxc6 Qh6 31. Rxd8 Rxd8 32. Qe1 Nxg3+ $1 {[%csl Rc1] La pointe}) 30. cxd5 Qg6
31. dxc6 Qh6 32. Bd5+ $6 (32. Rxd8 $142 Rxd8 33. Qb3+ (33. Qe1 Nxg3+) 33... Kh8
(33... Kh7 34. Qb1 {[%cal Gb1h7]}) 34. Ne2 $1 {[%cal Ge2g3,Ge2c1]}) 32... Kh8
33. cxb7 Bxb7 $40 {[%csl Rd2,Rd5][%cal Gd8d2,Gb7h1,Gf5g3]} 34. Kg1 $2 (34. Kg2
{Un moindre mal mais enlever le K de la diagonale du Bb7 était un coup
logique mais réfuté tactiquement.}) 34... Ne3 35. Bxe3 Qxe3+ (35... Rxe3 $3
36. Bxb7 Rxd2 (36... Rxg3+ 37. hxg3 Rxd2)) 36. Kg2 Re5 37. Rcc2 (37. Rd3) 37...
Bxd5+ 38. Nxd5 Rdxd5 $19 39. Rxd5 Qe4+ 40. Qf3 Qxc2+ 41. Kh3 Qe4 42. Qxe4 Rxe4
43. b5 Rb4 44. Kg2 Rb2+ 45. Kh1 Be5 0-1

[Event "Rohde op 10th"]
[Site "Sautron"]
[Date "2010.10.26"]
[Round "5"]
[White "Gajewski, Grzegorz"]
[Black "Abbasov, Farid"]
[Result "1-0"]
[WhiteElo "2568"]
[BlackElo "2540"]
[Annotator "Primel,D"]
[PlyCount "81"]
[EventDate "2010.10.23"]
[EventType "swiss"]
[EventRounds "9"]
[EventCountry "FRA"]
[SourceTitle "EXT 2012"]
[Source "ChessBase"]
[SourceDate "2011.11.24"]
[SourceVersion "1"]
[SourceVersionDate "2011.11.24"]
[SourceQuality "1"]

1. d4 d5 2. c4 e6 3. Nf3 Nf6 4. g3 Bb4+ $5 {Une ligne secondaire devenue assez
populaire depuis quelques années notamment depuis son utilisation lors du
Championnat du Monde 2006} 5. Nbd2 (5. Bd2 {La ligne principale} Be7 {[%csl
Rd2]} (5... a5) 6. Bg2 {Kramnik,V (2743)-Topalov,V (2813) World Championship
2006 (10) 1-0}) 5... O-O (5... dxc4 {la ligne critique} 6. Bg2 b5 $13 {Kozul,Z
(2627)-Topalov,V (2737) FIDE-Wch k.o. 2004 (4.1) 0-1}) 6. Bg2 c6 7. O-O (7. Qc2
$5 {[%cal Gc2c4,Ge2e4]}) 7... b6 (7... Nbd7 8. Qc2 Re8 9. e4 $14) 8. Ne5 $1 {
[%cal Gg2a8] Moins souvent joué que 8.Qc2 mais cette variante semble pourtant
plus incisive} (8. Qc2 {[%cal Ge2e4]} Bb7 9. e4 Na6 10. a3 Be7 11. b4 c5 12.
cxd5 exd5 13. e5 Nd7 14. h4 Nc7 15. dxc5 bxc5 16. Nb3 Rc8 17. Ng5 g6 18. Nxc5
Nxc5 19. bxc5 Ne6 20. Nxe6 fxe6 21. Be3 Ba6 22. Rfd1 Qa5 {Eljanov,P (2675)
-Werle,J (2566)/Wijk aan Zee 2007/CBM 117/1-0 (46)}) 8... Bb7 9. a3 $146 ({RR} 
9. Qa4 Bxd2 10. Bxd2 dxc4 11. Qxc4 Ba6 12. Nxc6 Bxc4 13. Nxd8 Nd5 14. Rfc1 Bxe2
15. Nc6 Nxc6 16. Rxc6 Bb5 17. Rc2 Bd3 18. Rc6 Bb5 19. Rc2 Bd3 20. Rc6 Bb5 {
1/2-1/2 Srvatka,I (2167)-Borosova,Z (2307)/Slovakia 2009/EXT 2011}) (9. Qc2
Nbd7 10. a3 Bd6 11. Nd3 Rc8 12. e4 $14 {Alekhine,A-Mirlas,L Buenos Aires exh
1926 1-0}) 9... Be7 10. e4 $14 {Les Blancs ont un bon avantage d'espace mais
la position noire est trés solide} (10. Qa4 $5 $14 {[%csl Rc6]}) 10... Nbd7 11.
Nxd7 (11. b3 $5 Nxe5 12. dxe5 Nd7 13. exd5 cxd5 14. cxd5 Bxd5 15. Bxd5 exd5 16.
Bb2 Rc8 17. Nf3 $36 {[%csl Rd5][%cal Gf3d4]}) 11... Nxd7 (11... Qxd7 12. e5 Ne8
13. b3 Rc8 14. Bb2) 12. b3 dxe4 {Abandonne le centre mais les alternatives ne
donnaient pas totalement l'égalité aux Noirs} (12... Rc8 13. Bb2 b5 14. exd5
exd5 15. Re1 Bf6 {[%cal Gf6b2,Gc6c5]} 16. cxd5 cxd5 17. Nf3 {[%csl Ge5]}) (
12... b5 $5 13. c5 a5 14. exd5 exd5 15. Nf3 Nf6 16. Ne5 {[%csl Ge5]}) 13. Nxe4
Nf6 (13... f5 14. Nc3 e5 $13) 14. Bf4 Nxe4 15. Bxe4 Qd7 16. Qc2 $1 {[%cal
Ge4h7,Ga1d1,Gf1e1,Ga1c1,Gf1d1] Gagne un tempo important pour lier les R} h6 (
16... f5 $5 {plus actif mais aussi plus risqué car le P"e6" est sur une
colonne semi-ouverte} 17. Bg2 Bf6 18. Be5 c5 19. Bxb7 Qxb7 20. Bxf6 Rxf6 21.
dxc5 (21. Rad1 f4) 21... bxc5 22. f4 {[%csl Re6]} Rd8 23. Rad1 Rff8 24. Qe2 {
les Noirs peuvent tenir la position}) 17. Rfd1 $16 Rfd8 18. c5 $1 {[%csl Rb7]
Un coup thématique dans la Catalane avec cette structure pour enfermer et au
surplus, les Noirs n'ont plus de N pour profiter de l'affaiblissement de la
case "d5"} (18. Be5 {[%cal Ge5g7]}) 18... b5 19. Qe2 a5 20. Bc2 {[%cal Ge2e4]}
(20. a4 b4 {[%cal Gb7a6]}) 20... Bf8 21. Qe4 $1 {Provoque un affaiblissement
sérieux} f5 {[%csl Re6]} 22. Qe1 {[%cal Gb3b4]} Qf7 (22... Re8 {[%cal Ge8e6]})
23. b4 a4 24. Bb1 $1 {[%csl Re6][%cal Gb1a2]} Bc8 25. Ra2 {[%cal Ga2e2]} Ra7
26. Re2 Re7 27. Ba2 $40 {[%cal Gf4d6] Les pièces blanches deviennent trés
actives} Ree8 28. Rd3 Kh8 29. Be5 $1 {Belle démonstration technique!} Bd7 30.
Rde3 Bc8 {Les Noirs ne peuvent rien faire et ils doivent se contenter
d'attendre une éventuelle faute adverse} 31. h3 $1 {[%cal Gg3g4]} Qh5 $2 32. g4
$1 fxg4 33. hxg4 Qxg4+ 34. Rg3 Qh4 35. Re4 Qh5 (35... Qe7 36. Qd2 {[%csl Rh8]
[%cal Gd2h6,Ge5h8]}) 36. Reg4 Rd5 37. Bb1 Rxe5 38. dxe5 g5 39. f4 Be7 40. Qe4
Qf7 41. fxg5 {[%mdl 2048]} 1-0

[Event "Rohde op 09th"]
[Site "Sautron"]
[Date "2009.10.27"]
[Round "5"]
[White "Koziak, Vitali"]
[Black "Agrest, Evgenij"]
[Result "1/2-1/2"]
[WhiteElo "2475"]
[BlackElo "2588"]
[Annotator "Primel,D"]
[PlyCount "83"]
[EventDate "2009.10.24"]
[EventType "swiss"]
[EventRounds "9"]
[EventCountry "FRA"]
[SourceTitle "EXT 2010"]
[Source "ChessBase"]
[SourceDate "2010.11.25"]
[SourceVersion "1"]
[SourceVersionDate "2010.11.25"]
[SourceQuality "1"]
[TimeControl "6000"]
[WhiteClock "0:00:42"]
[BlackClock "0:00:46"]

1. d4 d5 2. c4 c6 3. Nc3 Nf6 4. Nf3 e6 5. g3 dxc4 $1 {Avec la structure c6,
les blancs ont plus de mal а récupérer le Pc4 lorsqu'ils ont joué Nc3 aussi
rapidement. La théorie considère qu'ils auront néanmoins assez de compensation
avec le centre fort e4d4} 6. Ne5 {[%cal Ge5c4]} (6. Bg2 {Plus courant} Nbd7 (
6... b5 7. Ne5 Nd5) 7. O-O Be7 (7... b5 8. e4 $44 {[%csl Gd4,Ge4]})) 6... c5 {
reprenant une idée jouée par TAIMANOV dans une vieille partie de ... slave! La
perte de temps c6c5 se fera sentir car les blancs vont obtenir une bonne
avance de développement} (6... Nbd7 7. Nxc4 b5 8. Nd2 Bb7 9. Bg2 Qb6 10. O-O c5
11. dxc5 Nxc5 12. Bxb7 Qxb7 13. Nb3 Rd8 14. Qc2 Rc8 15. Nxc5 Bxc5 16. Qd3 a6
17. Bg5 O-O 18. Bxf6 gxf6 19. Ne4 Be7 20. Rad1 Kg7 21. Nd6 {Romanishin,O (2591)
-Georgiev,K (2661)/Belgrade 2000/CBM 080/[Hecht]/0-1 (77)}) (6... b5 7. Bg2 Nd5
8. a4 Bb4 9. O-O $1 f6 10. e4 $1 $40 {[%csl Re8][%cal Gd1h5,Ge5g6];Ulibin,M 
(2511)-Salgado Lopez,I (2554) Cappelle op 25th 2009 (7) 0-1}) 7. Be3 cxd4 $146
(7... Nc6 {Yermolinsky,A (2425)-Taimanov,M (2480) Leningrad-ch 1987 1/2}) 8.
Bxd4 $32 Be7 9. Qa4+ (9. Bg2 $142 O-O 10. O-O Nd5 11. Qa4 $16 {[%cal Gf1d1,
Gd1d8]}) 9... Nbd7 $6 (9... Bd7 $142 10. Qxc4 Nc6) 10. Bg2 $16 {[%csl Rb7,Rc8]}
O-O 11. Nxc4 Bc5 12. Rd1 $1 {[%cal Gd1d8]} Qe7 13. Bxc5 (13. O-O $142 Bxd4 14.
Rxd4 e5 15. Rd2 {[%cal Gf1d1] Comme souvent dans la Catalane, les noirs vont
souffrir pour terminer le développement de l'aile-dame car le Bg2 exerce une
forte pression sur l'aile-dame.}) 13... Qxc5 14. Nd6 Nb6 15. Qd4 Qh5 (15...
Qxd4 16. Rxd4 e5 17. Rd3 Rd8 18. O-O Rb8 19. Rfd1 $36) 16. Nxb7 $6 (16. O-O
$142 e5 17. Qb4 Bh3 18. Bf3 Ng4 {[%csl Rh2]} 19. Rfe1 Rad8 (19... Rab8 20. a4 {
[%cal Ga4a5]}) 20. Nxb7) 16... e5 $1 17. Qh4 $5 {les blancs ont perdu une
partie de l'avantage mais l'ouverture de la colonne va permettre а l'ukrainien
de garder une petite initiative.} (17. Qc5 Bh3 18. Bf3 Bg4 19. Bxg4 Nxg4) 17...
Qxh4 18. gxh4 {[%cal Gh1g1,Gg1g7]} Bxb7 19. Bxb7 Rab8 20. Ba6 Ne8 (20... Nc8
$142 {[%csl Gb2] Plus simple} 21. Rd2 Rb6 22. Bd3) 21. Rg1 $36 Nc7 22. Bd3 Ne6
23. e3 Nc5 24. Rg4 $6 {les blancs vont avoir du mal а lier les R et la
réaction "e4" va empêcher la Rg4 de revenir au centre ou а l'aile-dame} (24.
Bc2) 24... e4 $1 (24... Nxd3+ 25. Rxd3 Rfd8 26. Rxd8+ Rxd8 27. Ke2) 25. Be2 f5
26. Rg5 Ne6 27. Rg3 Rfd8 28. f3 exf3 29. Rxf3 g6 30. Rf2 Kg7 31. e4 (31. Rxd8
Rxd8 32. h5 {[%csl Ge2] Le B est nettement plus fort que le N est la finale
reste meilleure pour les blancs}) 31... Rxd1+ 32. Bxd1 Nc5 {[%cal Gc5d3,Gd3e1,
Gd3f2]} 33. Bc2 Re8 {[%cal Ge8e1]} 34. Re2 f4 35. Rf2 Nc4 36. b4 Ne6 37. Ne2
Ne3 38. Bb3 Ng4 $1 $11 {[%csl Rf2]} 39. Rg2 {Depuis 24. Rg4, cette R peine а
trouver des bonnes cases.} Ne3 40. Rf2 Ng4 41. Rg2 Ne3 42. Rf2 1/2-1/2

[Event "RUS Cup final"]
[Site "Magnitogorsk"]
[Date "2011.11.14"]
[Round "1.3"]
[White "Smirnov, Pavel"]
[Black "Ponkratov, Pavel"]
[Result "1-0"]
[WhiteElo "2597"]
[BlackElo "2611"]
[Annotator "RR"]
[PlyCount "93"]
[EventDate "2011.11.13"]
[EventType "k.o."]
[EventRounds "4"]
[EventCountry "RUS"]
[SourceTitle "CBM 146"]
[Source "ChessBase"]
[SourceDate "2012.01.18"]
[SourceVersion "1"]
[SourceVersionDate "2012.01.18"]
[SourceQuality "1"]

1. d4 Nf6 2. c4 e6 3. g3 c5 4. Nf3 cxd4 5. Nxd4 d5 6. Bg2 e5 7. Nf3 d4 8. O-O
Nc6 9. e3 Be6 10. exd4 exd4 11. Nbd2 Be7 12. a3 a5 13. Ng5 Bf5 14. Qb3 Qd7 15.
Nge4 Nxe4 16. Nxe4 O-O 17. Bf4 a4 18. Qd1 Rfe8 19. Re1 Na5 20. Nd2 Be6 $6 (
20... Bf6 21. Be4 d3 $17) 21. Rc1 $11 Rac8 22. Qf3 b5 23. cxb5 Qxb5 24. Rxc8
Rxc8 25. Re5 Qb6 26. Bf1 Qd8 27. Ne4 Nc4 28. Rb5 Qd7 29. Rb7 Qd8 30. Rb5 Qe8
31. Rb7 Rd8 32. Rc7 Nb6 33. Ng5 Bb3 34. Qd3 g6 35. Rb7 Nd5 36. Bd2 Qc6 37. Ra7
Qc5 38. Ra5 Qb6 39. Ra6 Qb7 40. Qf3 Rf8 41. Ne4 Kg7 42. Qd3 f5 $2 (42... Rd8
43. Qxd4+ Nf6 $16) 43. Qxd4+ $18 Kg8 44. Bh6 Rf7 45. Nd6 Bxd6 46. Rxd6 Rd7 47.
Qe5 1-0

[Event "Cappelle op 31st"]
[Site "Cappelle la Grande"]
[Date "2015.03.06"]
[Round "8"]
[White "Ulybin, Mikhail"]
[Black "Vazquez Igarza, Renier"]
[Result "1-0"]
[WhiteElo "2502"]
[BlackElo "2592"]
[Annotator "RR"]
[PlyCount "53"]
[EventDate "2015.02.28"]
[EventType "swiss"]
[EventRounds "9"]
[EventCountry "FRA"]
[SourceTitle "EXT 2016"]
[Source "ChessBase"]
[SourceDate "2015.10.08"]
[SourceVersion "1"]
[SourceVersionDate "2015.10.08"]
[SourceQuality "1"]

1. d4 Nf6 2. c4 e6 3. g3 c5 4. Nf3 cxd4 5. Nxd4 d5 6. Bg2 e5 {Les Noirs ont
des très bons résultats avec cette variante} 7. Nf3 d4 (7... e4 $143 8. Nfd2
{Lasker,E-Capablanca,J Lake Hopatcong 1926 (6) 0-1} (8. Nd4 dxc4 9. O-O Bc5 10.
Qa4+)) 8. O-O Nc6 9. e3 Be7 (9... Bc5 {[%cal Gc5d4] L'alternative est plus
active} 10. exd4 exd4 11. Re1+ (11. Nbd2) 11... Be6 12. Ng5 O-O 13. Nxe6 fxe6
14. Nd2 Qd6) 10. exd4 exd4 11. Bf4 O-O 12. Ne5 Qb6 13. Qb3 Na5 14. Qb5 (14.
Qxb6 axb6 15. Na3 Bxa3 16. bxa3 Bf5 17. Rfd1 Rfd8 18. Rac1 Ne4 19. g4 Nc3 20.
Re1 Be6 21. Bd2 f6 22. Nf3 Bf7 23. Bxc3 dxc3 24. Rxc3 Nxc4 25. Bf1 b5 26. Re7
Rxa3 27. Rxa3 Nxa3 28. Rxb7 Bxa2 29. Nh4 Bd5 30. Rb6 Bc4 31. Nf5 Rd1 32. Ne3
Re1 33. Kg2 Bxf1+ 34. Nxf1 Re8 35. Ne3 Nc4 36. Rxb5 Nxe3+ 37. fxe3 Rxe3 38. g5
Kf7 39. gxf6 gxf6 40. Ra5 Kg6 41. Ra8 Kg5 42. Ra4 h5 43. Kf2 Rh3 {Vidit,S 
(2625)-Abasov,N (2509) Al Ain 2014 1/2-1/2 (76)}) 14... Be6 15. b3 Qxb5 16.
cxb5 a6 17. b6 $146 (17. bxa6 Rxa6 18. Nd2 Nh5 19. Nd3 Nxf4 20. Nxf4 Bc8 21.
Nd5 Nc6 22. Nxe7+ Nxe7 23. Rfc1 Nc6 24. a3 Rd8 25. b4 Ne5 26. Rxc8 Rxc8 27.
Bxb7 Rc2 28. Bxa6 Rxd2 29. a4 Rb2 30. a5 Rxb4 31. Bf1 Rb7 32. f4 Nf3+ 33. Kg2
Nd2 34. Bd3 g6 35. a6 Ra7 36. Ra5 Nb3 37. Rb5 Nc1 38. Rb7 Ra8 39. Bc4 d3 40.
Rxf7 Kh8 41. Rd7 h6 42. Kf2 g5 43. Ke3 gxf4+ 44. gxf4 Re8+ 45. Kd2 Ne2 46. a7
Nxf4 {Beliavsky,A (2661)-Rublevsky,S (2657) Moscow 2002 1-0}) 17... Bc5 18. Rc1
Rac8 19. Rxc5 $1 Rxc5 20. b4 Rb5 (20... Rxe5 21. Bxe5 Nc4 {[%csl Rb1]} 22. Bxf6
(22. Bc7 Nd5) 22... gxf6 23. Bxb7 Bc8 24. Be4 Nxb6 25. Nd2 {[%cal Ga1c1]}) 21.
bxa5 Rxa5 22. Bxb7 Rxa2 23. Rxa2 Bxa2 24. Bc6 $36 Rb8 $2 (24... Bxb1 25. b7 {
[%cal Ge5d7]} Bf5) 25. Nc4 Rxb6 26. Nxb6 Bxb1 27. f3 1-0

[Event "North Urals Cup (Women) 2nd"]
[Site "Krasnoturinsk"]
[Date "2004.07.27"]
[Round "4"]
[White "Stefanova, Antoaneta"]
[Black "Kursova, Maria"]
[Result "1/2-1/2"]
[WhiteElo "2527"]
[BlackElo "2334"]
[Annotator "Ribli,Z"]
[PlyCount "66"]
[EventDate "2004.07.24"]
[EventType "tourn"]
[EventRounds "9"]
[EventCountry "RUS"]
[EventCategory "9"]
[SourceTitle "CBM 103"]
[Source "ChessBase"]
[SourceDate "2004.11.11"]
[SourceVersion "1"]
[SourceVersionDate "2004.11.11"]
[SourceQuality "1"]

1. d4 Nf6 2. c4 e6 3. g3 c5 4. Nf3 {Die FIDE-Welmeisterin möchte nicht die
Benoni-Verteidigung spielen, welche nach 4.d5 entstehen würde.} cxd4 5. Nxd4 d5
{Dieser Zug führt zur Katalanischen Eröffnung. Statt der Partiefortsetzung
gibt es einige Alternativen - 5...Bb4+, 5...a6, 5...Qc7, 5...Qb6 und 5...Nc6.}
6. Bg2 e5 {Dieser Zug kommt eigentlich mit Tempoverlust, aber Schwarz kann im
folgenden eine starke Zentrumstellung aufbauen.} 7. Nb3 d4 8. O-O Nc6 9. Bg5 {
Das ist eine Nebenvariante. Nach meiner Meinung sind die weissen Chancen auf
Eröffnungsvorteil in der Hauptfortsetzung mit 9.e3 viel höher.} Be7 (9... a5
10. N1d2 a4 11. Nc1 Be7 12. Nd3 (12. Bxf6 Bxf6 13. Nd3 O-O 14. b4 axb3 15. axb3
Rxa1 16. Qxa1 Bg4 {0-1 Calvo Minguez,R-Portisch,L/Madrid 1973/MCL (44)}) 12...
O-O 13. Bxc6 bxc6 14. Nxe5 c5 15. Nd3 Bh3 16. Re1 h6 17. Bxf6 Bxf6 18. Ne4 {
1-0 Grivas,E-Baumegger,S/Athens 1997/EXT 99 (29)}) 10. e3 (10. N1d2 O-O 11. Rc1
a5 12. Bxf6 Bxf6 13. Nc5 Bg5 14. Nce4 Bh6 15. c5 Be6 16. Nd6 {1/2-1/2 Lesiege,
A-Topalov,V/Istanbul 2000/EXT 2001 (26)}) 10... Bg4 {Mit diesem Läuferzug
bringt Schwarz eine neue Figur ins Spiel und möchte den Zug 11.f3 provozieren,
wonach die Diagonale des g2-Läufers geschlossen wäre.} (10... O-O $2 11. Bxc6
bxc6 12. exd4 $16) (10... h6 $6 11. Bxf6 Bxf6 12. exd4 exd4 13. Re1+ $14) 11.
Qd3 (11. f3 Be6 12. N1d2 O-O 13. exd4 exd4 14. Bxf6 Bxf6 15. Nc5 d3 16. Nxe6
fxe6 17. Kh1 Nd4 18. Qe1 Ne2 {1/2-1/2 Pali,G-Lanin,B/Budapest 2004/CBM 100 ext
(53)}) (11. Qd2 Qb6 12. exd4 Nxd4 13. Nxd4 exd4 14. Re1 Be6 15. Qe2 O-O 16. b3
h6 17. Bf4 Rad8 {0-1 Herr,P-Kindsvogel,R/Badenweiler 1990/GER (23)}) 11... e4
$1 12. Qc2 (12. Bxe4 $2 Nb4 (12... Ne5 13. Qxd4 Qxd4 14. exd4 Nxe4 15. Bxe7
Nf3+ 16. Kg2 (16. Kh1 Kxe7 $19) 16... Kxe7 17. h3 Bh5 $17) 13. Qxd4 Qxd4 14.
exd4 Nxe4 15. Bxe7 Kxe7 (15... Nc2 $17) 16. Re1 f5 $17) 12... d3 $15 {[%csl
Gd3,Ge4] Schwarz kann mit dem Ergebnis der Eröffnung zufrieden sein - seine
Bauernkette e4-d3 ist stark im Zentrum.} 13. Qc1 Nd7 {Das ist die ruhige
Fortsetzung, Schwarz möchte seinen e4-Bauern verteidigen.} (13... Be2 $5 14.
Re1 Ne5 {[%csl Yf3][%cal Ge5f3]} 15. Bxf6 Bxf6 16. Bxe4 Bf3 (16... Nf3+ 17.
Bxf3 Bxf3 18. N1d2 $14) 17. Bf5 (17. N1d2 Bxe4 18. Nxe4 Nf3+ $17) 17... g6 18.
Bh3 h5 19. N1d2 h4 20. Nd4 (20. Bg2 Bxg2 21. Kxg2 hxg3 22. hxg3 Qc8 23. Rh1
Qc6+ 24. e4 O-O-O $44) 20... hxg3 21. fxg3 (21. hxg3 $2 Qc8 $19) 21... Rxh3 22.
N2xf3 Qc7 $44) 14. Bxe7 Qxe7 15. Nc3 f5 {[%csl Gd3,Ge4,Gf5] Nach dem Partiezug
ist die schwarze Bauernkette besonders stark.} 16. Nd2 (16. Nd5 Qd6 $15) 16...
Nce5 17. Nd5 (17. f3 exf3 18. Nxf3 Nxf3+ 19. Bxf3 Bxf3 20. Rxf3 O-O $15) 17...
Qc5 {Auf diese Weise provoziert Schwarz die Schwächung des weissen
Damenflügels.} (17... Qd6) 18. b4 (18. f3 exf3 19. Nxf3 Bxf3 20. Bxf3 O-O $15)
18... Qd6 19. Qc3 O-O 20. Rfc1 (20. f3 $2 exf3 21. Nxf3 Bxf3 22. Bxf3 Rac8 $17)
20... Qh6 {[%csl Gh6]} 21. Nf4 {Weiss bereitet 22.h3 vor, um den Läufer von g4
zu verjagen.} Rfd8 22. h3 Bh5 23. g4 Bxg4 $1 {[%mdl 512] Schwarz opfert die
Figur für zwei Bauern.} 24. hxg4 Nxg4 $44 {[%csl Gd3,Ge4,Gf5,Rg1,Gg4,Gh6]
Schwarz hat keine konkreten Drohungen, aber seine Stellung am Königsflügel ist
einfach stark.} 25. Bh3 $2 (25. Nf1 Nde5 $44) 25... Nde5 (25... g5 $5 26. Bxg4
gxf4 27. exf4 (27. Bxf5 Kf7 $1 $19 {[%csl Rg1][%cal Rd8g8,Rg8g1]} (27... Qg5+
28. Kh2 Qxf5 29. Rg1+ $132)) 27... fxg4 $17) 26. Bxg4 Nxg4 27. Nf1 Rd6 {
[%csl Gd6][%cal Gd6h6][%mdl 128] Der Turm kommt über die sechste Reihe ins
Spiel.} 28. c5 Rf6 29. Qd2 Ne5 {[%csl Yf3][%cal Re5f3,Rf3g1,Rf3d2]} 30. Qb2
Nf3+ 31. Kg2 Nh4+ $2 {Kursova ist offenbar mit dem Remis zufrieden, aber sie
hat eine Gewinnstellung!} (31... Qh4 $1 $19 {[%csl Rg2][%cal Rf6h6,Rh6h1] Die
schwarze Drohung ist 32...Rh6 nebst 33...Qh1# und im Falle von 33.Ng3 kommt 33.
..Qh2# und 34...Qg1#.}) 32. Kg1 Nf3+ 33. Kg2 Nh4+ 1/2-1/2

[Event "Hoogovens-B"]
[Site "Wijk aan Zee"]
[Date "1994.01.??"]
[Round "4"]
[White "Schwartzman, Gabriel"]
[Black "Vedder, Henk"]
[Result "1-0"]
[WhiteElo "2500"]
[BlackElo "2375"]
[Annotator "Ribli,Z"]
[PlyCount "67"]
[EventDate "1994.01.21"]
[EventType "tourn"]
[EventRounds "9"]
[EventCountry "NED"]
[EventCategory "9"]
[SourceTitle "CBM 040"]
[Source "ChessBase"]
[SourceDate "1994.06.01"]
[SourceVersion "1"]
[SourceVersionDate "1994.06.01"]
[SourceQuality "1"]

1. c4 e6 2. g3 d5 3. Nf3 Nf6 4. Bg2 c6 5. b3 Nbd7 (5... a5 $5 {Agdestein,
S-Nogueiras,J/Biel izt/1993/CBM37/}) 6. O-O Bd6 7. d4 b5 (7... O-O 8. Nc3 $5 {
Vekshenkov,N-Lukinskih,A/Voronez/1991/EXP22/}) 8. Qc2 Bb7 (8... bxc4 9. bxc4
Ba6 $2 10. cxd5 cxd5 11. Qc6 $18) 9. Nbd2 bxc4 (9... O-O 10. c5 Bc7 11. e4 $14)
10. bxc4 O-O 11. c5 Bc7 12. e4 e5 (12... dxe4 13. Nxe4 Nxe4 14. Qxe4 Nf6 15.
Qc2 $14) 13. exd5 (13. Bb2 $5) 13... Nxd5 14. Bb2 Re8 15. Rfe1 exd4 16. Bxd4
Rb8 17. Rxe8+ Qxe8 18. Re1 Qd8 19. Qf5 Bc8 (19... g6 20. Qh3 $14) 20. Ng5 N7f6
21. Qc2 g6 22. Nde4 Bf5 23. Nxf6+ Nxf6 (23... Qxf6 24. Qd2 Qd8 25. Ba1 $36) 24.
Qa4 $1 Ng4 25. Nf3 (25. Qxc6 $2 Qxd4 26. Re8+ Kg7 $19) 25... Ba5 26. Rd1 Rb1
27. Rxb1 Bxb1 28. h3 Nh6 29. Ne5 $1 Be1 30. Nxc6 Qe8 31. Qb3 Bf5 32. Be3 $1 Kg7
33. Qb2+ f6 34. Qc1 1-0